Les métamorphoses
Guardat en:
| Autor principal: | |
|---|---|
| Format: | Llibre |
| Idioma: | francès llatí |
| Publicat: |
París
Les Belles Lettres
1928
|
| Col·lecció: | Collection des Universités de France
|
| Matèries: | |
| Etiquetes: |
Afegir etiqueta
Sense etiquetes, Sigues el primer a etiquetar aquest registre!
|
MARC
| LEADER | 00000nam a2200000 a 4500 | ||
|---|---|---|---|
| 001 | UCO5830 | ||
| 003 | CL-VaPUC | ||
| 008 | 000915e19280000FR |||||||||||||||||fre|d | ||
| 041 | 0 | 7 | |a fre |2 CL-VaPUC |
| 041 | 0 | 7 | |a lat |2 CL-VaPUC |
| 082 | 0 | 4 | |a 871 |b OVI |2 21 |
| 100 | |a Ovidio Nasón, Publio |e auteur |9 347163 | ||
| 245 | 1 | 4 | |a Les métamorphoses |
| 300 | |a 3 v | ||
| 942 | |c BK | ||
| 945 | |d 20000915 00:00:00 |a crobeson | ||
| 260 | |a París |b Les Belles Lettres |c 1928 | ||
| 500 | |a v.1: I-V | ||
| 500 | |a v.2: VI-X | ||
| 500 | |a v.3: XI-XV | ||
| 650 | 7 | |a POESIAS LATINAS |2 CL-VaPUC |9 450635 | |
| 650 | 0 | |a Literatura latina |9 258055 | |
| 583 | |a last modification |c 20120618 11:02:22 |k Rodrigo Vera | ||
| 490 | 0 | |a Collection des Universités de France | |
| 999 | |c 291660 |d 291658 | ||
| 952 | |0 0 |1 0 |4 0 |6 871_000000000000000_OVI_1928 |7 0 |8 X |9 341705 |a BIBART |b BIBART |d 2019-11-20 |h v.1 |i 1223593 |o 871 OVI 1928 |p 1223593 |r 2025-03-13 |w 2019-11-20 |y BK_X |k ART | ||
| 952 | |0 0 |1 0 |4 0 |6 871_000000000000000_OVI_1928 |7 0 |8 X |9 341706 |a BIBART |b BIBART |d 2019-11-20 |h v.2 |i 1223607 |o 871 OVI 1928 |p 1223607 |r 2025-03-13 |w 2019-11-20 |y BK_X |k ART | ||
| 952 | |0 0 |1 0 |4 0 |6 871_000000000000000_OVI_1928 |7 0 |8 X |9 341707 |a BIBART |b BIBART |d 2019-11-20 |h v.3 |i 1223615 |o 871 OVI 1928 |p 1223615 |r 2025-03-13 |w 2019-11-20 |y BK_X |k ART | ||